000 00838nam a2200229 i 4500
001 183098
003 ES-MaACL
005 20240423185230.0
008 140115s1976 sp |||| | spa d
020 _a84-322-3834-1
080 _a821.131.1-13"12"
100 0 _aDante Alighieri,
_d1265-1321
_942657
245 1 0 _aComedia.
_pPurgatorio /
_cDante Alighieri ; texto original y traducción, prólogo y notas de Ángel Crespo.
246 3 _aPurgatorio
260 _aBarcelona :
_bSeix Barral,
_c1976.
300 _a1 v. (XXXI, 411 p.) ;
_c20 cm.
490 1 _aBiblioteca breve de bolsillo. Serie mayor ;
_v31
700 1 _aCrespo, Ángel,
_d1926-1995
_941513
830 1 _aBiblioteca breve de bolsillo. Serie mayor ;
_v31
_9181997
852 _aES-MaACL
_jL-29925
_z- Donat. Miguel A. Velasco
999 _c183098
_d183098